Recopilación bibliográfica para el estudio de la historia medieval de la Comunidad de Madrid / (Record no. 53989)

MARC details
000 -LEADER
campo de control de longitud fija 00929nam a2200229 i 4500
001 - NÚMERO DE CONTROL
campo de control 53989
003 - IDENTIFICADOR DE NÚMERO DE CONTROL
campo de control ES-MaACL
005 - FECHA Y HORA DE LA ÚLTIMA TRANSACCIÓN
campo de control 20230906162853.0
007 - CAMPO FIJO DE DESCRIPCIÓN FÍSICA--INFORMACIÓN GENERAL
campo de control de longitud fija t|
008 - DATOS DE LONGITUD FIJA--INFORMACIÓN GENERAL
campo de control de longitud fija 031120s2001 sp ||||0| spa d
020 ## - NÚMERO INTERNACIONAL ESTÁNDAR DEL LIBRO
Número Internacional Estándar del Libro 84-451-1911-7
040 ## - FUENTE DE CATALOGACIÓN
Centro catalogador/agencia de origen M-BN
Lengua de catalogación spa
Centro/agencia transcriptor M-BN
080 ## - NÚMERO DE LA CLASIFICACIÓN DECIMAL UNIVERSAL
Número de la Clasificación Decimal Universal 016:946.027"04/14"
100 1# - ENTRADA PRINCIPAL--NOMBRE DE PERSONA
Nombre de persona Fernández López, Olga.
9 (RLIN) 49882
245 10 - MENCIÓN DEL TÍTULO
Título Recopilación bibliográfica para el estudio de la historia medieval de la Comunidad de Madrid /
Mención de responsabilidad, etc. Olga Fernández López, Carlos Manuel Vera Yagüe, Ángel Carrasco Tezanos, Grupo Transierra.
260 ## - PUBLICACIÓN, DISTRIBUCIÓN, ETC.
Lugar de publicación, distribución, etc. [Madrid] :
Nombre del editor, distribuidor, etc. Comunidad de Madrid, Dirección General de Patrimonio Histórico-Artístico,
Fecha de publicación, distribución, etc. [2001]
300 ## - DESCRIPCIÓN FÍSICA
Extensión 308 p ;
Dimensiones 28 cm.
651 #4 - PUNTO DE ACCESO ADICIONAL DE MATERIA--NOMBRE GEOGRÁFICO
Nombre geográfico Madrid (Comunidad Autónoma)-
Subdivisión general Historia-
Subdivisión cronológica S.V-XV-
Subdivisión de forma Bibliografías.
9 (RLIN) 8999
700 1# - ENTRADA AGREGADA--NOMBRE PERSONAL
Nombre de persona Vera Yagüe, Carlos Manuel.
9 (RLIN) 113971
700 1# - ENTRADA AGREGADA--NOMBRE PERSONAL
Nombre de persona Carrasco Tezanos, Ángel.
9 (RLIN) 35570
852 ## - LOCALIZACIÓN
Ubicación ES-MaACL
Número de control de estantería L-26745
Sublocalización o colección R.132279
Holdings
Estatus retirado Estado de pérdida Estado de daño No para préstamo Biblioteca de origen Biblioteca actual Ubicación en estantería Fecha de adquisición Fuente de adquisición Total de préstamos Signatura topográfica completa Código de barras Visto por última vez Precio de reemplazo Tipo de ítem Koha
        Biblioteca del Ateneo de Madrid Biblioteca del Ateneo de Madrid Depósito 2 17/01/2008     L-26745 1056741 23/02/2023 23/02/2023 Libro impreso